[Event "11th Chennai Open-GM 2019"]
[Site "Chennai"]
[Date "2019.01.24"]
[Round "9"]
[White "Karthik Venkataraman"]
[Black "Rajesh, V A V"]
[Result "1-0"]
[WhiteElo "2515"]
[BlackElo "2410"]
[Annotator "TA"]
[PlyCount "51"]
[EventDate "2019.01.18"]
[EventType "swiss"]
[EventCountry "IND"]
[SourceTitle "playchess.com"]
[Source "ChessBase"]
[SourceQuality "1"]

{[%evp 11,51,72,63,62,64,62,68,70,87,72,76,72,105,99,127,118,144,137,180,181,234,220,225,223,274,187,199,205,265,260,527,533,566,562,561,493,1365,1325,1172,752,683,400]} 1. Nf3 Nf6 2. c4 c5 3. Nc3 Nc6 4. e3 d6 (4... e6 5. d4 d5 6. a3 dxc4 7. Bxc4 a6 8. O-O b5 9. Ba2 Bb7 10. Qe2 Qc7 11. Bd2 Rd8 12. dxc5 Bxc5 13. Rac1 Bd6 14. Bb1 Qb8 15. Ne4 Nxe4 16. Bxe4 Ne7 17. Bxb7 Qxb7 18. Ba5 {½-½ (67) Gelfand,B (2673)-Svidler,P (2737) St Petersburg 2018}) 5. d4 Bg4 6. Be2 {[%cal Bf1e2,Be2f3,Bf3d5][%mdl 32] A34: Symmetrical English: 2 Nc3, lines with ...d5} e6 {LiveBook: 3 Games} 7. h3 Bh5 8. d5 {White is slightly better.} Bxf3 $146 ({Predecessor:} 8... Nb8 9. e4 e5 10. Be3 Be7 11. Nd2 Bxe2 12. Qxe2 {0-1 (64) Stocek,J (2566)-Vojta,T (2350) Prague 2017}) 9. Bxf3 exd5 10. Nxd5 Nxd5 11. Bxd5 Qd7 12. b3 {[%cal Bb2b3,Bb3b4][%mdl 32]} O-O-O 13. Bb2 Kb8 14. a3 f6 15. O-O Be7 (15... h5 {was called for.} 16. Qf3 Be7) 16. Bc3 h5 17. b4 g5 18. Rb1 g4 19. h4 Rhf8 20. Rb2 f5 $2 {[#]} (20... Rc8 {was worth a try.} 21. bxc5 dxc5) 21. bxc5 $18 {White is clearly winning.} dxc5 22. Qa4 {Bxc6 is the strong threat.} Rc8 23. Rfb1 Bd8 {[#]} (23... Rc7 $142 24. Ba5 Rfc8 25. Bxc7+ Rxc7) 24. Be5+ $1 {[%mdl 512]} Ka8 (24... Nxe5 25. Rxb7+) 25. Rxb7 Qxb7 26. Bxc6 {Precision: White = 87%, Black = 29%.} 1-0

[Event "11th Chennai Open-GM 2019"]
[Site "Chennai"]
[Date "2019.01.24"]
[Round "9"]
[White "Deviatkin, Andrei"]
[Black "Paichadze, Luka"]
[Result "1/2-1/2"]
[WhiteElo "2461"]
[BlackElo "2583"]
[Annotator "ChessBase"]
[PlyCount "112"]
[EventDate "2019.01.18"]
[EventType "swiss"]
[EventCountry "IND"]
[SourceTitle "playchess.com"]
[Source "ChessBase"]
[SourceQuality "1"]
[TimeControl "5400+30"]

1. e4 {[%emt 0:13:12]} c6 {[%emt 0:00:00]} 2. Nc3 {[%emt 0:00:06]} d5 {[%emt 0:00:00]} 3. Qe2 {[%emt 0:00:34]} dxe4 {[%emt 0:04:29]} 4. Nxe4 {[%emt 0:00:16]} Nf6 {[%emt 0:00:12]} 5. Nf3 {[%emt 0:08:50]} Bf5 {[%emt 0:02:16]} 6. d3 {[%emt 0:00:11]} Na6 {[%emt 0:04:23]} 7. g3 {[%emt 0:03:17]} Qd5 {[%emt 0:02:42]} 8. Nc3 {[%emt 0:02:42]} Qd7 {[%emt 0:01:59]} 9. Bg2 {[%emt 0:04:50]} Bh3 {[%emt 0:07:14]} 10. Ne5 {[%emt 0:01:41]} Qe6 {[%emt 0:00:07]} 11. Bxh3 {[%emt 0:04:42]} Qxh3 {[%emt 0:00:07]} 12. Bf4 {[%emt 0:01:59]} Qe6 {[%emt 0:05:46]} 13. O-O {[%emt 0:08:24]} Nd7 {[%emt 0:07:09]} 14. Rfe1 {[%emt 0:08:10]} Nxe5 {[%emt 0:00:10]} 15. Qh5 {[%emt 0:00:54]} g6 {[%emt 0:18:57]} 16. Qxe5 {[%emt 0:01:08]} Qxe5 {[%emt 0:00:05]} 17. Bxe5 {[%emt 0:00:05]} Rg8 {[%emt 0:00:02]} 18. a3 {[%emt 0:10:24]} O-O-O {[%emt 0:01:02]} 19. Ne4 {[%emt 0:00:23]} Rd5 {[%emt 0:05:07]} 20. Bc3 {[%emt 0:07:05]} Nc5 {[%emt 0:03:06]} 21. a4 {[%emt 0:04:52]} Ne6 {[%emt 0:04:44]} 22. Rad1 {[%emt 0:04:20]} Bh6 {[%emt 0:01:52]} 23. h4 {[%emt 0:01:51]} Bg7 {[%emt 0:04:38]} 24. Bxg7 {[%emt 0:02:20]} Rxg7 {[%emt 0:00:10]} 25. c3 {[%emt 0:00:12]} h6 {[%emt 0:00:29]} 26. d4 {[%emt 0:01:39]} Rg8 {[%emt 0:02:18]} 27. Rd2 {[%emt 0:01:17]} Rgd8 {[%emt 0:00:31]} 28. Rde2 {[%emt 0:00:07]} b6 {[%emt 0:02:41]} 29. f3 {[%emt 0:01:59]} R8d7 {[%emt 0:03:05]} 30. Nf2 {[%emt 0:01:32]} c5 {[%emt 0:00:13]} 31. Ng4 {[%emt 0:01:26]} cxd4 {[%emt 0:00:26]} 32. Ne5 {[%emt 0:00:07]} Rc7 {[%emt 0:00:53]} 33. Nxf7 {[%emt 0:00:46]} dxc3 {[%emt 0:00:18]} 34. bxc3 {[%emt 0:00:10]} Nc5 {[%emt 0:00:09]} 35. Rxe7 {[%emt 0:01:03]} Nxa4 {[%emt 0:01:20]} 36. c4 {[%emt 0:01:20]} Rxe7 {[%emt 0:03:26]} 37. Rxe7 {[%emt 0:00:03]} Rd1+ {[%emt 0:03:07]} 38. Kf2 {[%emt 0:00:14]} a5 {[%emt 0:00:07]} 39. Ne5 {[%emt 0:02:04]} Nb2 {[%emt 0:05:08]} 40. Re6 {[%emt 0:01:08]} Kb7 {[%emt 0:00:34]} 41. Rxg6 {[%emt 0:01:22]} a4 {[%emt 0:00:34]} 42. Rg7+ {[%emt 0:00:06]} Ka6 {[%emt 0:00:44]} 43. Rg8 {[%emt 0:00:53]} Rc1 {[%emt 0:00:43]} 44. g4 {[%emt 0:01:06]} Nxc4 {[%emt 0:00:18]} 45. Nxc4 {[%emt 0:00:46]} Rxc4 {[%emt 0:00:03]} 46. g5 {[%emt 0:00:16]} hxg5 {[%emt 0:00:06]} 47. hxg5 {[%emt 0:00:03]} b5 {[%emt 0:04:26]} 48. g6 {[%emt 0:00:39]} Rc7 {[%emt 0:00:06]} 49. f4 {[%emt 0:00:49]} a3 {[%emt 0:05:22]} 50. Ra8+ {[%emt 0:00:35]} Ra7 {[%emt 0:00:04]} 51. Rxa7+ {[%emt 0:00:51]} Kxa7 {[%emt 0:00:03]} 52. g7 {[%emt 0:00:05]} a2 {[%emt 0:00:03]} 53. g8=Q {[%emt 0:00:06]} a1=Q {[%emt 0:00:05]} 54. Qf7+ {[%emt 0:00:56]} Kb6 {[%emt 0:00:07]} 55. Qe6+ {[%emt 0:00:43]} Kc5 {[%emt 0:00:29]} 56. Qe7+ {[%emt 0:00:39]} Kc6 {[%emt 0:00:19]} 1/2-1/2

[Event "11th Chennai Open-GM 2019"]
[Site "Chennai"]
[Date "2019.01.24"]
[Round "9"]
[White "Vignesh N R"]
[Black "Neelotpal, Das"]
[Result "1/2-1/2"]
[WhiteElo "2461"]
[BlackElo "2419"]
[Annotator "TA"]
[PlyCount "45"]
[EventDate "2019.01.18"]
[EventType "swiss"]
[EventCountry "IND"]
[SourceTitle "playchess.com"]
[Source "ChessBase"]
[SourceQuality "1"]

{[%evp 14,45,10,10,10,10,10,20,12,26,31,16,14,24,14,19,143,142,245,256,248,241,318,197,223,91,86,0,214,0,71,0,205,-781]} 1. e4 c5 2. Nc3 {[%cal Bb1c3,Bc3b5,Bb5a3][%mdl 32]} Nc6 3. f4 g6 4. Nf3 Bg7 5. Bb5 Nd4 6. O-O Nxb5 7. Nxb5 d5 8. e5 d4 {B23: Closed Sicilian: Lines without g3} 9. c3 {[%cal Rc3d4]} a6 (9... Bd7 10. Qe2 a6 11. Na3 dxc3 12. dxc3 Nh6 13. Rd1 Qc7 14. Nc4 O-O 15. Rxd7 Qxd7 16. Nb6 {½-½ (48) Dimitrov,R (2465)-Spasov,V (2553) Pleven 2015}) 10. Na3 dxc3 {The position is equal.} 11. dxc3 Qc7 12. Be3 $146 ({Predecessor:} 12. c4 Nh6 13. b3 O-O 14. Bb2 Nf5 15. Qe1 Rd8 16. Nc2 {½-½ (41) Migala,A (2063)-Dukaczewski,P (2251) Warsaw 2013}) 12... b6 13. b4 $36 {[%cal Bb2b4,Bb4c5,Bc5b6,Bb6b7][%mdl 2080] White is more active.} Nh6 14. bxc5 Ng4 (14... Nf5 $11 {remains equal.} 15. Bf2 (15. cxb6 Qxc3 16. Bf2 Qxa3 $11) 15... bxc5) 15. cxb6 $16 Qxc3 (15... Nxe3 $16 16. bxc7 Nxd1) 16. Qa4+ $18 Bd7 17. Bd4 Qxa1 18. b7 {[%cal Rb7a8]} Rb8 19. Qb3 (19. Bxa1 $2 {is the wrong capture.} Bxa4 20. h3 Ne3 $19) (19. Qc2 $1 $18 {is the precise move to win.} Qxf1+ 20. Kxf1 Rxb7 21. h3) 19... Be6 $16 20. Qa4+ (20. Bxa1 $2 Bxb3 21. axb3 Rxb7 $19) (20. Nc4 $1 $16 Qxf1+ 21. Kxf1) 20... Bd7 $18 {[#]} 21. Qb3 (21. Bxa1 $2 {loses.} Bxa4 22. h3 Ne3 $19) (21. Qc2 $1 $18 {has better winning chances.} Qxf1+ 22. Kxf1 Rxb7 23. h3) 21... Be6 $16 {[#]} 22. Qa4+ (22. Bxa1 $2 Bxb3 23. axb3 Rxb7 $17) (22. Nc4 $1 $16 Qxf1+ 23. Kxf1) 22... Bd7 $18 23. e6 $4 {[%mdl 40960] An unexpected result.} (23. Bxa1 $2 {perishes.} Bxa4 24. h3 Ne3 $19) (23. Qc2 $18 Qxf1+ 24. Kxf1 Rxb7 25. h3) 1/2-1/2

[Event "11th Chennai Open-GM 2019"]
[Site "Chennai"]
[Date "2019.01.24"]
[Round "9"]
[White "Khusenkhojaev, Muhammad"]
[Black "Sahoo, Utkal Ranjan"]
[Result "1/2-1/2"]
[WhiteElo "2455"]
[BlackElo "2388"]
[Annotator "RC"]
[PlyCount "120"]
[EventDate "2019.01.18"]
[EventType "swiss"]
[EventCountry "IND"]
[SourceTitle "playchess.com"]
[Source "ChessBase"]
[SourceQuality "1"]
[TimeControl "5400+30"]

1. d4 {[%emt 0:04:17]} d5 {[%emt 0:00:00]} 2. c4 {[%emt 0:00:06]} e6 {[%emt 0:00:00]} 3. Nc3 {[%emt 0:00:06]} Nf6 {[%emt 0:00:10]} 4. Bg5 {[%emt 0:00:12]} Be7 {[%emt 0:00:28]} 5. e3 {[%emt 0:00:11]} O-O {[%emt 0:00:59]} 6. Nf3 {[%emt 0:00:16]} h6 {[%emt 0:00:27]} 7. Bh4 {[%emt 0:00:07]} Ne4 {[%emt 0:00:57]} 8. Bxe7 {[%emt 0:00:13]} Qxe7 {[%emt 0:00:02]} 9. Rc1 {[%emt 0:00:12]} Nxc3 {[%emt 0:03:30]} 10. Rxc3 {[%emt 0:00:18]} c6 {[%emt 0:00:14]} 11. Be2 {[%emt 0:01:03]} Nd7 {[%emt 0:00:17]} 12. O-O {[%emt 0:00:13]} dxc4 {[%emt 0:00:12]} 13. Bxc4 {[%emt 0:00:06]} b6 {[%emt 0:00:12]} 14. Qe2 {[%emt 0:05:39]} c5 {[%emt 0:03:47]} 15. Rfc1 {[%emt 0:01:44]} cxd4 {[%emt 0:23:32]} 16. exd4 {[%emt 0:00:42]} Qd6 {[%emt 0:05:54]} 17. Ba6 {[%emt 0:06:49]} Bxa6 {[%emt 0:00:10]} 18. Qxa6 {[%emt 0:00:06]} Nf6 {[%emt 0:03:20]} 19. a3 {[%emt 0:09:25]} Qf4 {[%emt 0:01:46]} 20. h3 {[%emt 0:09:53]} Rfd8 {[%emt 0:23:09]} 21. b4 {[%emt 0:05:01]} Nd5 22. Rc8 Raxc8 {[%emt 0:08:06]} 23. Rxc8 {[%emt 0:00:39]} Rxc8 {[%emt 0:00:00]} 24. Qxc8+ Kh7 25. Qc2+ {[%emt 0:17:04]} g6 {[%emt 0:01:16]} 26. Kf1 {[%emt 0:05:02]} Kg7 {[%emt 0:00:30]} 27. Ke2 {[%emt 0:00:16]} a5 {[%emt 0:01:15]} 28. bxa5 {[%emt 0:01:36]} bxa5 {[%emt 0:00:02]} 29. g3 {[%emt 0:01:12]} Qd6 {[%emt 0:00:46]} 30. Qd3 {[%emt 0:00:39]} Ne7 {[%emt 0:04:07]} 31. Qe3 {[%emt 0:06:36]} Nc6 {[%emt 0:02:15]} 32. Qe4 {[%emt 0:01:53]} Kf8 {[%emt 0:06:50]} 33. a4 {[%emt 0:01:46]} Kg7 {[%emt 0:01:09]} 34. h4 {[%emt 0:02:22]} h5 {[%emt 0:00:19]} 35. Kf1 {[%emt 0:01:01]} Kf8 {[%emt 0:01:46]} 36. Ne5 {[%emt 0:03:27]} Nxd4 {[%emt 0:04:43]} 37. Qa8+ {[%emt 0:00:20]} Kg7 {[%emt 0:00:52]} 38. Qxa5 {[%emt 0:00:05]} Qb8 {[%emt 0:03:23]} 39. Qc5 {[%emt 0:07:15]} Qb1+ {[%emt 0:00:15]} 40. Kg2 {[%emt 0:00:04]} Qe4+ {[%emt 0:00:09]} 41. Kh2 {[%emt 0:02:18]} Kg8 {[%emt 0:01:16]} 42. Qc8+ {[%emt 0:00:24]} Kh7 {[%emt 0:00:34]} 43. Nd7 {[%emt 0:04:03]} Nf3+ {[%emt 0:00:57]} 44. Kh3 {[%emt 0:00:06]} Ng1+ {[%emt 0:00:42]} 45. Kh2 {[%emt 0:00:05]} Nf3+ {[%emt 0:00:04]} 46. Kh3 {[%emt 0:00:02]} Qg4+ {[%emt 0:00:50]} 47. Kg2 {[%emt 0:00:00]} Nxh4+ {[%emt 0:00:16]} 48. Kh2 {[%emt 0:00:05]} Nf3+ {[%emt 0:00:53]} 49. Kg2 {[%emt 0:00:01]} Nh4+ {[%emt 0:00:58]} 50. Kh2 {[%emt 0:00:01]} Nf3+ {[%emt 0:00:34]} 51. Kg2 {[%emt 0:00:01]} Qf5 {[%emt 0:01:02]} 52. Qc3 {[%emt 0:02:20]} Ne1+ {[%emt 0:00:33]} 53. Qxe1 {[%emt 0:02:16]} Qd5+ {[%emt 0:00:01]} 54. Kg1 {[%emt 0:00:17]} Qxd7 {[%emt 0:00:01]} 55. a5 {[%emt 0:00:00]} Qb5 {[%emt 0:00:30]} 56. Qa1 {[%emt 0:00:40]} Qa6 {[%emt 0:00:16]} 57. Qa4 {[%emt 0:00:49]} g5 {[%emt 0:01:25]} 58. Qb4 {[%emt 0:01:34]} Qe2 {[%emt 0:00:26]} 59. Qb7 {[%emt 0:00:13]} Qe1+ {[%emt 0:00:20]} 60. Kg2 {[%emt 0:00:05]} Qxa5 {[%emt 0:00:19]} 1/2-1/2

[Event "11th Chennai Open-GM 2019"]
[Site "Chennai"]
[Date "2019.01.24"]
[Round "9"]
[White "Nguyen, Van Huy"]
[Black "Rathnakaran, K.."]
[Result "1-0"]
[WhiteElo "2450"]
[BlackElo "2373"]
[Annotator "TA"]
[PlyCount "103"]
[EventDate "2019.01.18"]
[EventType "swiss"]
[EventCountry "IND"]
[SourceTitle "playchess.com"]
[Source "ChessBase"]
[SourceQuality "1"]

{[%evp 9,103,76,68,55,89,87,106,101,106,95,99,94,104,99,106,87,96,72,71,76,60,60,67,73,125,125,131,91,133,125,140,136,155,162,153,132,191,191,191,189,188,185,216,204,359,352,377,358,354,362,364,386,518,335,448,420,454,472,561,538,531,520,476,350,343,308,312,300,383,356,364,325,536,501,641,652,884,841,1374,892,891,827,1176,758,747,705,1758,1484,6191,6087,2850,2720,29988,29989,29985,29968]} 1. d4 c5 2. d5 d6 3. Nc3 (3. e4 Nf6 4. Nc3 g6 5. Bb5+ Bd7 6. a4 Bxb5 7. axb5 Bg7 8. Nf3 Nbd7 9. O-O O-O 10. h3 Ne8 11. Qe2 Nc7 12. Bf4 Nb6 13. Rfd1 Qd7 14. e5 f6 15. exd6 exd6 16. Ra5 Rfe8 17. Qd3 f5 18. Rda1 {½-½ (40) Navara,D (2725)-Martinovic,S (2550) Tallinn 2016}) 3... a6 4. a4 g6 5. e4 Bg7 {LiveBook: 7 Games} 6. Be2 {A43: Schmid Benoni} h5 $146 ({Predecessor:} 6... Nf6 7. Nf3 Bg4 8. Nd2 Bxe2 9. Qxe2 O-O 10. O-O Nbd7 11. Nc4 b5 12. axb5 axb5 13. Rxa8 Qxa8 14. Nxb5 Rb8 15. Nca3 Ne8 16. c4 Qa4 17. Qd1 Qa5 18. Bd2 Qb6 19. Qc2 {1-0 (48) Szabo,K (2394)-Paschall,W (2394) Budapest 2004}) 7. Nf3 {[%cal Bg1f3,Bf3d2,Bd2c4][%mdl 32]} Bg4 8. Nd2 {White is better.} Bxe2 9. Qxe2 (9. Nxe2 Nd7 $14) 9... Nd7 10. O-O h4 11. h3 Ngf6 12. Nc4 Nh5 13. Bg5 {Strongly threatening Nxd6+!} Ne5 14. a5 Nxc4 15. Qxc4 Bf6 16. Bd2 b5 (16... Be5 $142) 17. axb6 $1 $16 Qxb6 18. b3 O-O 19. Ra4 Rfb8 20. Rfa1 a5 21. R1a2 Ra7 22. Nb1 {[%cal Bc3b1,Bb1a3,Ba3c4][%mdl 32]} Rba8 (22... Qa6 $16 {was necessary.} 23. Qxa6 Rxa6) 23. Na3 $18 Qb8 24. Qd3 Kh7 25. Nc4 Qh8 26. Nxa5 ({Resist} 26. Rxa5 Rxa5 27. Nxa5 (27. Rxa5 Qe8 $16) 27... Qb8) 26... e6 $2 {[#]} (26... Qb8 {is a better defense.} 27. c4 Qb6) 27. dxe6 fxe6 28. Nc4 Rxa4 29. Rxa4 Rxa4 30. bxa4 {[%cal Bb3a4,Ba4a5][%mdl 32]} Be7 {Now ...Qa1+ and Black clings on.} 31. Bc3 Qa8 32. a5 Nf4 33. Qf3 e5 34. Bd2 Qa6 35. Bxf4 exf4 36. Qb3 Bf6 37. Kf1 Bd4 38. Ke2 Kh6 39. c3 Bg7 40. Kd3 f3 $2 (40... Qa8 41. Qa4 d5) 41. gxf3 d5 42. exd5 Qc8 43. Ne3 Qxh3 44. Ke2 {[#] Threatens to win with Ng4+.} Qc8 45. Qa4 {[%cal Ra4h4]} Bxc3 46. Qxh4+ Kg7 47. Qe7+ Kh6 48. Qa7 Bd4 49. Ng4+ Kg5 50. a6 Qf5 51. Qe7+ Kf4 52. Qe4+ {Accuracy: White = 74%, Black = 38%.} 1-0

[Event "11th Chennai Open-GM 2019"]
[Site "Chennai"]
[Date "2019.01.24"]
[Round "9"]
[White "Lugovskoy, Maxim"]
[Black "Pantsulaia, Levan"]
[Result "0-1"]
[WhiteElo "2445"]
[BlackElo "2597"]
[Annotator "ChessBase"]
[PlyCount "104"]
[EventDate "2019.01.18"]
[EventType "swiss"]
[EventCountry "IND"]
[SourceTitle "playchess.com"]
[Source "ChessBase"]
[SourceQuality "1"]
[TimeControl "5400+30"]

1. e4 {[%emt 0:00:00]} c5 {[%emt 0:05:40]} 2. Nf3 {[%emt 0:00:03]} e6 {[%emt 0:00:08]} 3. c3 {[%emt 0:00:09]} Nf6 {[%emt 0:00:06]} 4. e5 {[%emt 0:00:10]} Nd5 {[%emt 0:00:06]} 5. d4 {[%emt 0:00:23]} cxd4 {[%emt 0:00:06]} 6. cxd4 {[%emt 0:00:03]} b6 {[%emt 0:00:08]} 7. Bc4 {[%emt 0:01:25]} Bb7 {[%emt 0:00:09]} 8. O-O {[%emt 0:00:51]} Qc8 {[%emt 0:00:05]} 9. b3 {[%emt 0:06:47]} Be7 {[%emt 0:04:17]} 10. Ba3 {[%emt 0:05:41]} Qd8 {[%emt 0:18:58]} 11. Bxe7 {[%emt 0:00:30]} Nxe7 {[%emt 0:05:38]} 12. Nc3 {[%emt 0:00:25]} O-O {[%emt 0:00:07]} 13. Rc1 {[%emt 0:02:28]} Nbc6 {[%emt 0:05:53]} 14. d5 {[%emt 0:04:18]} Nb4 {[%emt 0:01:42]} 15. dxe6 {[%emt 0:15:49]} fxe6 {[%emt 0:01:31]} 16. Qd6 {[%emt 0:10:37]} Bxf3 {[%emt 0:17:44]} 17. gxf3 {[%emt 0:02:00]} Nbc6 {[%emt 0:00:55]} 18. Rfd1 {[%emt 0:03:00]} Ng6 {[%emt 0:00:17]} 19. Qxd7 {[%emt 0:20:14]} Qg5+ {[%emt 0:00:11]} 20. Kh1 {[%emt 0:00:11]} Ncxe5 {[%emt 0:00:11]} 21. Qxe6+ {[%emt 0:01:31]} Kh8 {[%emt 0:00:05]} 22. Qh3 {[%emt 0:09:12]} Rxf3 {[%emt 0:04:30]} 23. Qg2 {[%emt 0:00:09]} Qxg2+ {[%emt 0:01:40]} 24. Kxg2 {[%emt 0:00:04]} Nf4+ {[%emt 0:00:06]} 25. Kf1 {[%emt 0:02:29]} Ng4 {[%emt 0:00:45]} 26. Rd2 {[%emt 0:01:57]} Rf8 {[%emt 0:08:56]} 27. Ne4 {[%emt 0:01:51]} Nxh2+ {[%emt 0:03:08]} 28. Kg1 {[%emt 0:00:31]} Rh3 {[%emt 0:00:27]} 29. Ng5 {[%emt 0:00:53]} g6 {[%emt 0:09:17]} 30. Nxh3 {[%emt 0:02:06]} Nf3+ {[%emt 0:00:10]} 31. Kh1 {[%emt 0:00:23]} Nxd2 {[%emt 0:00:06]} 32. Ng5 {[%emt 0:03:14]} Rf5 {[%emt 0:01:51]} 33. Rc2 {[%emt 0:02:41]} Nxc4 {[%emt 0:00:11]} 34. Rxc4 {[%emt 0:00:04]} Rxg5 {[%emt 0:00:08]} 35. Rxf4 {[%emt 0:00:04]} Rf5 {[%emt 0:00:13]} 36. Ra4 {[%emt 0:02:19]} Ra5 {[%emt 0:00:07]} 37. Rd4 {[%emt 0:00:08]} Rxa2 {[%emt 0:00:05]} 38. Kg2 {[%emt 0:00:02]} Kg7 {[%emt 0:00:14]} 39. Rd7+ {[%emt 0:00:07]} Kh6 {[%emt 0:00:06]} 40. b4 {[%emt 0:00:12]} g5 {[%emt 0:00:35]} 41. b5 {[%emt 0:00:05]} Kg6 {[%emt 0:00:12]} 42. Rd5 {[%emt 0:00:16]} h5 {[%emt 0:00:52]} 43. Kf3 {[%emt 0:01:03]} Ra3+ {[%emt 0:00:24]} 44. Kg2 {[%emt 0:00:19]} h4 {[%emt 0:00:18]} 45. f3 {[%emt 0:00:53]} Ra2+ {[%emt 0:00:11]} 46. Kf1 {[%emt 0:01:01]} h3 {[%emt 0:00:33]} 47. Kg1 {[%emt 0:00:03]} Ra3 {[%emt 0:05:09]} 48. Kf2 {[%emt 0:00:20]} h2 {[%emt 0:00:25]} 49. Kg2 {[%emt 0:00:04]} Rxf3 {[%emt 0:00:16]} 50. Kxh2 {[%emt 0:00:04]} Rf5 {[%emt 0:00:13]} 51. Rd7 {[%emt 0:00:14]} Rxb5 {[%emt 0:00:06]} 52. Rxa7 {[%emt 0:00:03]} Kf5 {[%emt 0:00:08]} 0-1

[Event "11th Chennai Open-GM 2019"]
[Site "Chennai"]
[Date "2019.01.24"]
[Round "9"]
[White "Laxman, R.R."]
[Black "Ameir, Moheb"]
[Result "1/2-1/2"]
[WhiteElo "2421"]
[BlackElo "2309"]
[Annotator "TA"]
[PlyCount "61"]
[EventDate "2019.01.18"]
[EventType "swiss"]
[EventCountry "IND"]
[SourceTitle "playchess.com"]
[Source "ChessBase"]
[SourceQuality "1"]

{[%evp 22,61,33,3,10,0,7,15,14,0,23,0,7,7,13,2,4,5,6,8,10,0,0,-4,-4,-11,-11,-10,-10,-9,-4,-8,0,0,0,-14,0,0,0,-29,0,0]} 1. d4 d5 2. Nf3 Nf6 3. c4 c6 4. e3 Bf5 5. Nc3 e6 6. Nh4 Bg6 7. Nxg6 hxg6 8. Bd3 Nbd7 {D12: Slav Defence: 3 Nf3 Nf6 4 e3 Bf5} 9. h3 Bd6 10. O-O dxc4 (10... Qe7 11. e4 dxe4 12. Bxe4 O-O 13. Bg5 Qd8 14. Re1 Qc7 15. Qf3 Bb4 {1-0 (38) Kramnik,V (2808)-Giri,A (2771) Leuven 2017}) 11. Bxc4 Nb6 12. Be2 {LiveBook: 4 Games} Qe7 13. a4 a5 $146 ({Predecessor:} 13... e5 14. Qb3 O-O 15. a5 Nbd5 16. Nxd5 exd4 17. Nxe7+ {1-0 (17) Gerbich,V (2438)-Bensiek,N (2348) ICCF email 2011}) 14. e4 {[#] Black must now prevent e5.} e5 15. d5 cxd5 16. Qb3 d4 17. Qxb6 {Strongly threatening Nd5.} dxc3 18. bxc3 O-O $1 19. Bg5 Bc5 20. Qb3 Qc7 21. Bxf6 gxf6 22. Bc4 Rad8 23. Rad1 Kg7 24. Rxd8 Rxd8 25. Bd5 b6 26. c4 Bd4 27. Rd1 Qc5 28. Rd2 Rd7 29. Re2 Rd8 30. Rd2 Rd7 31. Re2 {Precision: White = 44%, Black = 55%.} 1/2-1/2

[Event "11th Chennai Open-GM 2019"]
[Site "Chennai"]
[Date "2019.01.24"]
[Round "9"]
[White "Czebe, Attila"]
[Black "Tran, Tuan Minh"]
[Result "1/2-1/2"]
[WhiteElo "2418"]
[BlackElo "2541"]
[Annotator "ChessBase"]
[PlyCount "100"]
[EventDate "2019.01.18"]
[EventType "swiss"]
[EventCountry "IND"]
[SourceTitle "playchess.com"]
[Source "ChessBase"]
[SourceQuality "1"]
[TimeControl "5400+30"]

1. Nf3 {[%emt 0:00:00]} Nf6 {[%emt 0:06:02]} 2. c4 {[%emt 0:02:13]} b6 {[%emt 0:00:16]} 3. g3 {[%emt 0:05:46]} Bb7 {[%emt 0:00:40]} 4. Bg2 {[%emt 0:00:05]} e6 {[%emt 0:00:43]} 5. O-O {[%emt 0:00:07]} Be7 {[%emt 0:00:05]} 6. d3 {[%emt 0:01:38]} d5 {[%emt 0:00:47]} 7. cxd5 {[%emt 0:00:19]} exd5 {[%emt 0:00:15]} 8. Nd4 {[%emt 0:03:18]} Qd7 {[%emt 0:02:53]} 9. e4 {[%emt 0:06:13]} dxe4 {[%emt 0:12:06]} 10. dxe4 {[%emt 0:01:28]} Bxe4 {[%emt 0:26:47]} 11. Bxe4 {[%emt 0:01:16]} Nxe4 {[%emt 0:00:06]} 12. Re1 {[%emt 0:00:42]} f5 {[%emt 0:05:33]} 13. Nc3 {[%emt 0:00:25]} O-O {[%emt 0:02:57]} 14. Nxe4 {[%emt 0:02:59]} fxe4 {[%emt 0:02:37]} 15. Rxe4 {[%emt 0:03:44]} Rf7 {[%emt 0:06:01]} 16. Bf4 {[%emt 0:31:51]} c5 {[%emt 0:05:36]} 17. Qf3 {[%emt 0:04:35]} Qb7 {[%emt 0:01:42]} 18. Re6 {[%emt 0:00:22]} Qxf3 {[%emt 0:05:33]} 19. Nxf3 {[%emt 0:00:05]} Nd7 {[%emt 0:00:56]} 20. Rd1 {[%emt 0:02:13]} Bf6 {[%emt 0:03:20]} 21. Red6 {[%emt 0:09:33]} Nf8 {[%emt 0:00:24]} 22. Ne5 {[%emt 0:00:30]} Rb7 {[%emt 0:03:28]} 23. b3 {[%emt 0:03:29]} Re8 {[%emt 0:00:13]} 24. Nc4 {[%emt 0:06:03]} Rbe7 {[%emt 0:00:24]} 25. Ne3 {[%emt 0:03:09]} Ng6 {[%emt 0:01:47]} 26. Nd5 {[%emt 0:03:41]} Nxf4 {[%emt 0:01:18]} 27. gxf4 {[%emt 0:01:34]} Re1+ {[%emt 0:05:23]} 28. Rxe1 {[%emt 0:00:01]} Rxe1+ {[%emt 0:00:07]} 29. Kg2 {[%emt 0:00:01]} Re2 {[%emt 0:00:05]} 30. Nxf6+ {[%emt 0:01:47]} gxf6 31. a4 {[%emt 0:00:09]} Rb2 {[%emt 0:05:14]} 32. Rd8+ {[%emt 0:00:16]} Kf7 {[%emt 0:00:05]} 33. Rd7+ {[%emt 0:00:28]} Kg6 {[%emt 0:00:47]} 34. Rxa7 {[%emt 0:02:51]} h5 {[%emt 0:00:44]} 35. a5 {[%emt 0:00:23]} Rxb3 36. Rb7 {[%emt 0:01:45]} b5 {[%emt 0:00:10]} 37. a6 {[%emt 0:00:04]} c4 {[%emt 0:01:04]} 38. a7 {[%emt 0:00:08]} Ra3 {[%emt 0:00:01]} 39. Rxb5 {[%emt 0:00:08]} Rxa7 {[%emt 0:00:02]} 40. Rc5 {[%emt 0:00:05]} Ra4 {[%emt 0:00:03]} 41. h4 {[%emt 0:00:09]} Rb4 42. Kf3 {[%emt 0:03:45]} Rb3+ {[%emt 0:00:46]} 43. Ke4 {[%emt 0:00:32]} Rh3 {[%emt 0:03:00]} 44. f5+ {[%emt 0:00:10]} Kh6 {[%emt 0:00:05]} 45. Rxc4 {[%emt 0:00:07]} Rxh4+ {[%emt 0:00:07]} 46. f4 {[%emt 0:00:02]} Rh1 {[%emt 0:00:27]} 47. Rc7 {[%emt 0:00:53]} Re1+ {[%emt 0:00:27]} 48. Kf3 {[%emt 0:00:05]} Rf1+ {[%emt 0:00:19]} 49. Kg3 {[%emt 0:00:50]} Rg1+ 50. Kf2 Rg7 {[%emt 0:00:32]} 1/2-1/2